000 01657cam a2200361 a 4500
001 14071694
005 20100826091652.0
008 050811s2006 enka b 001 0 eng
010 _a2005023374
020 _a0470868996 (cloth : alk. paper)
020 _a9780470868997
035 _a(OCoLC)ocm61278528
040 _aDLC
_cDLC
_dBAKER
_dBWKUK
_dDLC
041 1 _aeng
_hger
050 0 0 _aTK1541
_b.H3513 2006
082 0 0 _a621.312136
_222
_bHEI
100 1 _aHeier, Siegfried.
_922959
240 1 0 _aWindkraftanlagen im Netzbetrieb, z. uberarbeitete und erweiterte Auflage.
_lEnglish
245 1 0 _aGrid Integration of Wind Energy Conversion Systems /
_cSiegfried Heier ; translated by Rachel Waddington.
250 _a2nd ed.
260 _aChichester, England ;
_aHoboken, NJ :
_bWiley,
_cc2006.
300 _axix, 426 p. :
_bill. ;
_c25 cm.
504 _aIncludes bibliographical references (p. [405]-415) and index.
650 0 _aWind power plants.
_922960
650 0 _aWind energy conversion systems.
_922961
650 0 _aElectric power systems.
_922962
653 _bEle
_cApril2011
856 4 1 _3Table of contents
_uhttp://www.loc.gov/catdir/toc/ecip0517/2005023374.html
856 4 2 _3Publisher description
_uhttp://www.loc.gov/catdir/enhancements/fy0623/2005023374-d.html
942 _2ddc
_cBB
999 _c15087
_d15087